| 000 | 00897cam a22002411 4500 | ||
|---|---|---|---|
| 001 | he 68003788 | ||
| 003 | DLC | ||
| 005 | 20260227111506.0 | ||
| 008 | 821222s1966 is 000 0 heb | ||
| 010 | _ahe 68003788 | ||
| 035 | _a(OCoLC)19160131 | ||
| 040 |
_aDLC _cMH _dDLC |
||
| 042 | _apremarc | ||
| 050 | 0 | 0 |
_aBS1225 _b.A26825 1966 |
| 100 | 0 |
_aAbraham ben Elijah, _cof Vilna, _dapproximately 1750-1808. |
|
| 245 | 1 | 0 |
_aTirgem Avraham : _bʻal Targum Onḳelos. Ḳunṭres Shesh moshzar : _bʻal ezeh targumim / _cme-et Shelomoh Zalman ben Yitsḥaḳ me-Ṿilna. |
| 260 |
_aJerusalem : _bY.A. Landa, _c[1966?] |
||
| 300 |
_a25 leaves ; _c23 cm. |
||
| 500 | _aPhoto-offset of Jerusalem, 1895 or 1896 ed. | ||
| 630 | 0 | 0 |
_aBible. _pPentateuch. _lAramaic. _sOnḳelos _xCommentaries. |
| 700 | 0 |
_aSolomon Zalman ben Isaac, _cof Volozhin, _d1756-1788. _tShesh moshzar. |
|
| 752 |
_aIsrael _dJerusalem |
||
| 999 |
_c33980 _d33980 |
||